Normal view
MARC view
Entry Personal Name
001 - CONTROL NUMBER
- control field: 10975
003 - CONTROL NUMBER IDENTIFIER
- control field: BD-RjUL
005 - DATE AND TIME OF LATEST TRANSACTION
- control field: 20240121115809.0
008 - FIXED-LENGTH DATA ELEMENTS
- fixed length control field: 240121|| aca||aabn | a|a d
040 ## - CATALOGING SOURCE
- Original cataloging agency: BD-RjUL
- Transcribing agency: BD-RjUL
100 ## - HEADING--PERSONAL NAME
- Personal name: سينا, أبو علي ;; Sina, Abu Ali
670 ## - SOURCE DATA FOUND
- Source citation: Work cat.: (BD-RjUL)82697: شهابي, محمود ;;Shihabi, Mahmoud 10973, مبدأ ومعاد /mabda walmaeadi./, 1952